000 00350nam a2200157Ia 4500
100 _aPalady/Paul
650 _aElectrical Engineering
942 _cBK
654 _aEngineering
245 _aFailure Modes & Effects analysis
260 _bP.J. Pub
_aNONE
_c1995
082 _a658.562
_bDAL
300 _a329
546 _aENGLISH
999 _c25172
_d25172